Informe semestral, enero a junio 1972
Wedi'i Gadw mewn:
| Awdur Corfforaethol: | |
|---|---|
| Fformat: | Anhysbys |
| Cyhoeddwyd: |
San José:
MOPT. IGN
|
| Tagiau: |
Ychwanegu Tag
Dim Tagiau, Byddwch y cyntaf i dagio'r cofnod hwn!
|
MARC
| LEADER | 00000 a2200000 04500 | ||
|---|---|---|---|
| 001 | 15532 | ||
| 003 | |||
| 008 | 991231s d | ||
| 040 | |||
| 020 | |a [sin ISBN] | ||
| 022 | |a [sin ISBN] | ||
| 090 | |a 1008 CR8375i | ||
| 110 | |a Costa Rica. Ministerio de Obras Públicas y Transportes. Instituto Geográfico Nacional | ||
| 245 | |a Informe semestral, enero a junio 1972 | ||
| 260 | |a San José: |b MOPT. IGN | ||
| 300 | |a 104 p. | ||
| 999 | |c 11008 |d 11008 | ||
